Statistics for Juventus scorers in Serie A 2015-2016

Click here to take the quiz!

General Stats

  • This quiz has been taken 169 times
    (151 since last reset)
  • The average score is 11 of 16

Answer Stats

PlayerGoals% Correct
Paulo Dybala19
98%
Giorgio Chiellini1
95%
Leonardo Bonucci3
95%
Paul Pogba8
89%
Mario Mandzukic10
85%
Alvaro Morata7
80%
Andrea Barzagli1
79%
Alex Sandro2
77%
Juan Cuadrado4
68%
Sami Khedira5
65%
Patrice Evra2
64%
Stefano Sturaro1
53%
Simone Zaza5
45%
Mario Lemina2
41%
Simone Padoin1
38%
Hernanes1
30%

Score Distribution

Percentile by Number Answered

Percent of People with Each Score

Your Score History

You have not taken this quiz since the last reset